Human roots for young readers, Volume 2. (Record no. 2889)

MARC details
000 -LEADER
fixed length control field 00662nam a2200169 4500
001 - CONTROL NUMBER
control field 3552
005 - DATE AND TIME OF LATEST TRANSACTION
control field 20181127171446.0
020 00 - INTERNATIONAL STANDARD BOOK NUMBER
International Standard Book Number
090 00 - LOCALLY ASSIGNED LC-TYPE CALL NUMBER (OCLC); LOCAL CALL NUMBER (RLIN)
Classification number (OCLC) (R) ; Classification number, CALL (RLIN) (NR) 248.7 B9274h 2001
245 00 - TITLE STATEMENT
Title Human roots for young readers, Volume 2.
Remainder of title
Statement of responsibility, etc.
Medium
260 00 - PUBLICATION, DISTRIBUTION, ETC.
Place of publication, distribution, etc. Burlingame, CA:
Name of publisher, distributor, etc. Buddhist Text Translation Society, Dharma Realm Buddhist Association,
Date of publication, distribution, etc. 2003.
300 00 - PHYSICAL DESCRIPTION
Extent 105 p. : col. ill. ; 26 cm.
500 00 - GENERAL NOTE
General note "A collection of traditional Buddhist stories, adapted for modern youth, including tales of Buddha, his disciples, and the Bodhisattvas."
650 ## - SUBJECT ADDED ENTRY--TOPICAL TERM
Topical term or geographic name entry element Tales.
Form subdivision
General subdivision
Chronological subdivision
Geographic subdivision
Source of heading or term
Topical term or geographic name entry element Buddha and Buddhism-- Study and teaching.
General subdivision
Topical term or geographic name entry element Buddhist stories, English.
General subdivision
Holdings
Withdrawn status Lost status Source of classification or shelving scheme Damaged status Not for loan Collection code Home library Current library Shelving location Serial Enumeration / chronology Inventory number Total Checkouts Full call number Barcode Date last seen Price effective from Koha item type
    Dewey Decimal Classification     Main TEST RTC Library RTC Library Main opac 6079   248.7 HUM 30000395 27/11/2018 27/11/2018 Main
Royal Thimphu College || All Right Reserved